000 00275nam a2200109Ia 4500
008 190907s9999||||xx |||||||||||||| ||und||
100 _aAyers, Mendelson
245 0 _aSchaum's outLines Of CALCULUS
260 _aNew Delhi
_bBantam Books Inc
_c2004
300 _a578
942 _cBK
999 _c6246
_d6246